|
|
|
|
| LEADER |
00000cam a2200000 i 4500 |
| 003 |
Ucuenca |
| 005 |
20230308180226.0 |
| 006 |
a||||fr|||| 001 | |
| 007 |
ta |
| 008 |
968092s1968 sp fr |||1|||spa a |
| 040 |
|
|
|b spa
|a UCuenca-cdrjbv
|c UCuenca
|e rda
|
| 041 |
1 |
|
|a spa
|
| 082 |
0 |
|
|2 21
|a 616
|c 202752
|
| 100 |
1 |
|
|9 86747
|a Flint, Thos.
|e autor
|
| 245 |
0 |
0 |
|a Conducta y tratamiento en medicina de urgencia /
|c Thos Flint, A Jornet, A., traductor.
|
| 250 |
|
|
|a Primera edición.
|
| 264 |
|
1 |
|a Barcelona:
|b Editorial JIMS,
|c 1968.
|
| 300 |
|
|
|a xv, 715 páginas:
|c 18 cm
|
| 336 |
|
|
|2 rdacontent
|a texto
|b txt
|
| 337 |
|
|
|2 rdamedia
|a no mediado
|b n
|
| 338 |
|
|
|2 rdacarrier
|a volumen
|b nc
|
| 504 |
|
|
|a incl. ref.
|
| 650 |
1 |
7 |
|2 UCuenca-cdrjbv
|a Urgencias médicas
|9 2799
|
| 650 |
1 |
7 |
|2 UCuenca-cdrjbv
|a Primeros auxilios
|9 17848
|
| 700 |
1 |
|
|9 194620
|a Jornet, A.
|e traductor
|
| 852 |
|
|
|a UC-SALUD
|f Compra
|l 1
|m General
|p 19680926
|q S/. 280
|t 202752
|b 0
|d CDRS
|e CDRS
|g 616
|z 1968-80-92
|
| 942 |
|
|
|c BK
|2 ddc
|r margoth.maza@ucuenca.edu.ec
|
| 999 |
|
|
|c 52359
|d 52359
|